000 00420nam a2200169Ia 4500
001 2696
005 20260306144826.0
008 260306t9999||||xx |||||||||||||| ||spa||
041 _aESP
082 _a211.6
_bG24
100 _aGarcía Quesada, Alfredo
_eAUT
245 0 _aLa fe y la cultura en el pensamiento católico latinoamericano
300 _a
_c
650 _aGEN
654 _aCHU
942 _cLIB
_dJUS
_fJUS
_2ddc
_n
999 _c2696
_d2696